LEADER 01118nam a2200265 u 4500 001 000000017360 003 CaOOAMICUS 005 20070226110109.0 008 940513s1988 it u000 u ita u 020 $a8837213514 035 $a10406351 040 $aPUL(R)$bita 100 1 $aRegina, Umberto.$0(OLS)http://pul/name/5664 245 12$aL'uomo complementare :$bpotenza e valore nella filosofia di Nietzsche /$cUmberto Regina. 260 $aBrescia :$bMorcelliana,$c1988. 300 $a328 p. ;$c22 cm 504 $a"Nota bibliografica": p. [311]-322. 600 14$aNietzsche, Friedrich Wilhelm,$d1844-1900$xCritica e interpretazione.$0(OLS)http://pul/subject/7758 850 $aPUL 852 $aPUL$W1$xSL Filosofia 1$y2$m85 I 8$j24440$nBK-PRI$b $qStampati$B24440$CPULBib$Z2$F24440 $H $81 941 1 $a8 961 $aINV: 60591 996 $6020$a8837213514$9(OLS)http://pul/number/22339 996 $6245$aL'uomo complementare :$bpotenza e valore nella filosofia di Nietzsche$9(OLS)http://pul/title/24857 996 $6260$aBrescia :$bMorcelliana$9(OLS)http://pul/publisher/47854 LEADER 01957nam a2200433 u 4500 001 000000047362 003 CaOOAMICUS 005 20111121134146.0 008 990917s1999 it u000 u ita u 020 $a8838445583 (v.1)* 035 $a10832812 040 $aPUL$bita 245 00$aApocrifi del Nuovo Testamento /$ca cura di Luigi Moraldi. 260 $aCasale Monferrato :$bPiemme,$c1999. 300 $a3 v. ;$c21 cm 490 0 $aPiemme religione 504 $aContiene bibliografia in nota e "scelta". 505 0 $aV. 1. Vangeli. -- v.2. Atti degli Apostoli. -- v.3. Lettere ; Dormizione di Maria ; Apocalissi. 700 1 $aMoraldi, Luigi,$cI.M.C.$0(OLS)http://pul/name/13567 740 0 $aVangeli. 740 0 $aAtti degli Apostoli. 740 0 $aLettere. 740 0 $aDormizione di Maria. 740 0 $aApocalissi. 830 0$aReligione (Piemme).$0(OLS)http://pul/title/58060 850 $aPUL 852 $aPUL$W1$xSL Religione 1$y3$m1 D 91$j63304$nBK-PRI$av.1$qStampati$B63304$CPULBib$Z2$F63304 $H80110 $82 852 $aPUL$W1$xSL Religione 1$y3$m1 D 92$j147009$nBK-PRI$av.2$qStampati$B145704$CPULBib$Z2$F145704 $H80111 $82 852 $aPUL$W1$xSL Religione 1$y3$m1 D 93$j147010$nBK-PRI$av.3$qStampati$B145705$CPULBib$Z2$F145705 $H80112 $82 941 1 $a8 983 0$aPiemme Religione. 996 $6020$a8838445583 (v.1)*$9(OLS)http://pul/number/59093 996 $6245$aApocrifi del Nuovo Testamento$9(OLS)http://pul/title/77695 996 $6740$aLettere$9(OLS)http://pul/title/23909 996 $6740$aAtti degli Apostoli$9(OLS)http://pul/title/160615 996 $6740$aVangeli$9(OLS)http://pul/title/160614 996 $6740$aDormizione di Maria$9(OLS)http://pul/title/89860 996 $6740$aApocalissi$9(OLS)http://pul/title/89861 996 $6260$aCasale Monferrato :$bPiemme$9(OLS)http://pul/publisher/51813